Movies Quiz

Random Movies Quiz

Before and After Movies Quiz Stats

 Plays Quiz not verified by Sporcle

Challenge
Share
Tweet
Embed
Score 0/45 Timer 20:00
0 Plays Today
Movie Description % Correct
1972 Mafia classic with Marlon Brando and Al PacinoThe Godfather of the Bride
92.5%
Clint Eastwood faces a serial killer in the first of the 'Harry Callahan' series of filmsDirty Harry and the Hendersons
77.4%
Adaptation of Stephen King's book 'The Body' about 4 kids looking for a kid's corpseStand by Me Myself and Irene
73.6%
Ben Affleck directed film about a kidnapped girlGone Baby Gone With the Wind
69.8%
Gordon Gekko believes 'greed, for a better word, is good'Wall Streetcar Named Desire
69.8%
Episode 5 of Star Wars: Luke discovers the truth about his fatherEmpire Strikes Back to the Future
67.9%
2006 Edward Zwick directed film starring Leonardo DiCaprio set during the Sierra Leone civil warBlood Diamonds are Forever
67.9%
Jack Burton (Kurt Russell) and his friends encounter Lo Pan in the Chinese underworldBig Trouble in Little Chinatown
66%
Docudrama about bodybuilders competing for Mr. Olympia. Arnold Schwarzenegger smokes a joint.Pumping Iron Man
66%
Cuban refugee introduces his 'little friend' to rival hitmenScarface-off
66%
Spike Lee 1992 Biopic starring Denzel WashingtonMalcolm X Files
64.2%
Steven Spielberg's adaptation of the Alice Walker novel, which was the film debut of Whoopi GoldbergThe Color Purple Rain
64.2%
Edward James Olmos plays Jaime Escalante, a teacher at Garfield High School in East Los AngelesStand and Deliverance
62.3%
Robert De Niro plays Jake LaMotta.Raging Bull Durham
62.3%
Ben Gates looks for clues on the back of the Declaration of Independence to find valuablesNational Treasure Island
62.3%
Bill Murray lives the same day again and again and againGroundhog Days of Thunder
60.4%
American remake of Open Your Eyes, starring Tom Cruise. Infamous for leaving viewers confused.Vanilla Skyfall
58.5%
Carrie, Samantha, Charlotte, Miranda, and Big experience love and heartbreak in the Big Apple.Sex and the City of God
58.5%
Sean Penn and Esai Morales are mortal enemies while incarcerated as minors. A 1995 film with Will Smith and Martin Lawrence had the same title.Bad Boys Don't Cry
58.5%
Sequel to Friday, this time with no Chris TuckerNext Friday the 13th
54.7%
'Party on Garth'.....'Party time, excellent'...'That's what she said'Wayne's World is Not Enough
52.8%
Rowan Atkinson stars as the title character in a parody of James Bond moviesJohnny English Patient
50.9%
Star Wars Episode 1The Phantom Menace II Society
50.9%
Movie Description % Correct
Oscar winner for Best Picture in 2007, directed by the CoensNo Country for Old Men at Work
49.1%
Daniel Day-Lewis drinks Paul Dano's milkshakeThere Will Be Blood Simple
47.2%
Barry Levinson directed film about a spin-doctor and Hollywood producer who create a fictitious war for the publicWag the Dogday Afternoon
47.2%
1987 Arnold Schwarzenegger film which is loosely based on the novel by Stephen King (Richard Bachman)The Running Man on Wire
45.3%
Regina George and Cody Herron fight over Aaron Samuels and 'Queen Bee' statusMean Girls Just Want to Have Fun
45.3%
Daniel LaRusso gets beat up by Johnny and the Kobra KaisThe Karate Kids
43.4%
Steve Martin and Queen Latifah star in this 2003 Adam Shankman filmBringing Down the House Party
41.5%
John McClane battles terrorists in a skyscraper around Christmas timeDie Hard Candy
41.5%
Joseph Gordon-Levitt falls for Zooey Deschanel 500 Days of Summer School
39.6%
Richard Gere falls for a hookerPretty Woman in Red
39.6%
Eddie Murphy and Dan Aykroyd switch socioeconomic statuses over a bet of one dollar.Trading Places in the Heart
39.6%
Hillary Swank becomes a boxer until the tutelage of Clint EastwoodMillion Dollar Baby Boom
35.8%
Ray 'Jesus Shuttlesworth' Allen is the basketball star of Lincoln High SchoolHe Got Game Plan
30.2%
Al Pacino stars as a convict trying to go straight, Sean Penn plays his sleazy cocaine-snorting lawyerCarlito's Way of the Dragon
30.2%
1999 Martin Scorsese directed film featuring Nicholas Cage as a paramedicBringing out the Dead Pool
28.3%
Two men hiding out dress as women, Marilyn Monroe is beautiful as usualSome Like it Hot Spot
26.4%
Eddie Murphy plays a prince and other roles such as a boxing-discussing barber, old Jewish man, and the singer Randy WatsonComing to American Me
26.4%
John Singleton directed film starring TyreseBaby Boyz N the Hood
26.4%
2002 Roc-A-Fella Films produced film about drug dealers in the late 1980s: named after a classic Eric B. & Rakim albumPaid in Full Metal Jacket
20.8%
Steven Seagal's film debut, with Henry Silva as the main villainAbove the Lawless
20.8%
The two Coreys go for a ride with Heather Graham in the trunkLicense to Drive Angry
18.9%
Ice-T stars in this rendition of the short story 'The Most Dangerous Game'Surviving the Game of Death
9.4%

You're not logged in!

Compare scores with friends on all Sporcle quizzes.
OR
Log In

You Might Also Like...

Show Comments

Extras

Created Mar 2, 2013ReportNominate
Tags:Before and After

Top Quizzes Today


Score Distribution

Your Account Isn't Verified!

In order to create a playlist on Sporcle, you need to verify the email address you used during registration. Go to your Sporcle Settings to finish the process.

Report this User

Report this user for behavior that violates our Community Guidelines.

Details: